Manage your time your work yourself / (Record no. 41898)

MARC details
000 -LEADER
fixed length control field 00831nam a22002297a 4500
005 - DATE AND TIME OF LATEST TRANSACTION
control field 20100814095637.0
010 ## - LCCN (DPL NO)
LC control number ENG-100436
020 ## - INTERNATIONAL STANDARD BOOK NUMBER
Terms of availability 150.00
International Standard Book Number 9788179662403
035 ## - SYSTEM CONTROL NUMBER
System control number EN-83969
037 ## - SOURCE OF ACQUISITION
Stock number DBAD/PUB
082 ## - DEWEY DECIMAL CLASSIFICATION NUMBER
Classification number 650.1
100 ## - MAIN ENTRY--PERSONAL NAME
Personal name Douglass, Merrill E.
245 ## - TITLE STATEMENT
Title Manage your time your work yourself /
Statement of responsibility, etc by Merrill E. Douglass [and] Donna N. Douglass
260 ## - PUBLICATION, DISTRIBUTION, ETC. (IMPRINT)
Place of publication, distribution, etc Chennai
Name of publisher, distributor, etc Emerald Publishers
Date of publication, distribution, etc 2009
270 ## - ADDRESS
Address 15A, First Floor, Clasa Major Road Egmore
City Chennai
Postal code 600008
300 ## - PHYSICAL DESCRIPTION
Extent 225 p.
Dimensions 20cm (Pbk)
650 ## - SUBJECT ADDED ENTRY--TOPICAL TERM
Topical term or geographic name as entry element Success
650 ## - SUBJECT ADDED ENTRY--TOPICAL TERM
Topical term or geographic name as entry element Time management
700 ## - ADDED ENTRY--PERSONAL NAME
9 (RLIN) 12834
Personal name Douglass, Donna N.
942 ## - ADDED ENTRY ELEMENTS (KOHA)
Source of classification or shelving scheme Dewey Decimal Classification
Item type English Books
Classification part 650.1
Call number suffix DOU
Holdings
Withdrawn status Lost status Not for loan Collection code Home library Current library Date acquired Cost, normal purchase price Full call number Barcode Copy number Cost, replacement price Koha item type
    Not For Loan Non-fiction D.B.Act.Division D.B.Act.Division 14/08/2010 150.00 650.1 DOU EN-83969 1 150.00 English Books

© Delhi Public Library
Hit Counter
free hit counter